| 000 | 01208nam a2200313 a 4500 | ||
|---|---|---|---|
| 001 | 000115601 | ||
| 003 | CHAP | ||
| 005 | 20220329144541.0 | ||
| 008 | 190612s2019 mx | |sm |||||||spa d | ||
| 010 | _a112062 | ||
| 011 | _a113034 | ||
| 040 | _cCHAP | ||
| 090 | _aTesis | ||
| 100 | 1 |
_aNieto Torres, Salvador. _9136042 |
|
| 245 | 1 | 0 |
_aPosibles impctos económicos, sociales y en el entorno local del NAICM en el Municipio de Texcoco _h[En línea] _cpor Salvador Nieto Torres. |
| 260 |
_aChapingo, Méx. : _bEl autor, _c2019. |
||
| 500 | _aPara ver el contenido del material haga clic en la liga | ||
| 502 | _aTesis (M. C. en Economía y de los Recursos Naturales) -- UACH. División de Ciencias Económico-Administrativas | ||
| 590 |
_aBATCH-UPD _b05 _c20190612 _lUCH01 _h1541 |
||
| 590 |
_aE6337LMJ _b05 _c20190612 _lUCH01 _h1541 |
||
| 590 |
_aE6337LMJ _b05 _c20190612 _lUCH01 _h1541 |
||
| 650 | 1 | 4 |
_aImpacto ambiental _xEvaluación. _9131414 |
| 650 | 1 | 4 |
_aMéxico (Edo.) _xCondiciones sociales. _976825 |
| 651 |
_aTexcoco, México (Edo.) _xDesarrollo económico _9136043 |
||
| 856 |
_aFinding aid _uhttp://10.13.5.2/tesis/sist115601.pdf _zTeclea aquí |
||
| 901 | _aBK | ||
| 942 | _cTESIS | ||
| 942 | _n0 | ||
| 999 |
_c112062 _d112062 |
||